[Event "Sigeman & Co 13th"]
[Site "Malmo/Copenhagen"]
[Date "2005.04.23"]
[Round "8"]
[White "Sasikiran, Krishnan"]
[Black "Hillarp Persson, Tiger"]
[Result "1-0"]
[WhiteElo "2642"]
[BlackElo "2533"]
[Annotator "Ribli,Z"]
[PlyCount "79"]
[EventDate "2005.04.15"]
[EventType "tourn"]
[EventRounds "9"]
[EventCountry "SWE"]
[EventCategory "13"]
[SourceTitle "CBM 107"]
[Source "ChessBase"]
[SourceDate "2005.08.01"]
[SourceVersion "1"]
[SourceVersionDate "2005.08.01"]
[SourceQuality "1"]

1. d4 g6 2. c4 Bg7 3. Nc3 d6 4. e4 e5 {Statt dieser Fortsetzung konnte Schwarz
mit 4...Nf6 in die Königsindische Verteidigung überleiten. Die anderen
Möglichkeiten sind 4...Nc6, 4...Nd7, 4...c6, 4...c5 und 4...f5.} 5. d5 {
Dieser natürliche Zug wird heute weniger gespielt, jedoch ist er durchaus
spielbar. Die Hauptfortsetzungen sind 5.Nf3 und 5.dxe5 dxe5 6.Qxd8+ Kxd8 7.f4.}
f5 6. exf5 gxf5 7. Qh5+ Kf8 8. Bd3 {Mit diesem Zug beginnt Weiß seine
Provokationsstrategie: im Falle von 8...f5-f4 wäre das Feld e4 ein Festpunkt
für den weißen Springer,.Nach 8...e5-e4 hingegen kann Weiß das Feld f4 mittels
dem anderen Springer (durch Ne2, oder Nh3) besetzen.} (8. f4 Na6 $5 9. fxe5
dxe5 10. Be3 Nf6 11. Qh4 f4 12. Bf2 Bf5 {[%cal Gf5b1]} 13. Nf3 Ng4 14. Qxd8+
Rxd8 15. Nh4 Nxf2 16. Kxf2 Bc2 $1 $13 {Schwarz hat aktives Figurenspiel.
Lipinsky-Horvath,Jo.1997 Budapest,Elekes Gedenkturnier.}) (8. Nh3 $5) 8... Nf6
(8... Qe8 9. Qe2 Na6 10. Nh3 h6 11. f4 e4 12. Bb1 Nf6 13. Nf2 Bd7 14. Be3 Rg8
15. O-O Qg6 16. Kh1 Bh8 17. Rg1 h5 {1/2-1/2 Vasilevich,T-Foisor,C/Budva 2004/
(43)}) 9. Qd1 {"Der Mohr hat seine Schuldigkeit getan, der Mohr kann gehen."
Weiß kommt zurück mit der Dame und Schwarz hat einige Problemen mit der
Königsstellung. Die Alternative 9.Qg5 kommt auch in Betracht.} (9. Qe2 Bd7 10.
Bd2 c6 11. f3 Na6 12. O-O-O cxd5 13. cxd5 Nc5 $6 (13... Nb4 $142 14. Bg5 Rc8
15. Kb1 $132) 14. Bc2 Qe8 15. g4 $1 {[%cal Gd1f1,Yf1f8]} fxg4 16. Rf1 Qh5 17.
fxg4 Qxg4 18. Qf2 Ke7 19. Nge2 Qh5 20. Rhg1 {1-0 Kaspi,A-Lev,R/Israel 1999/CBM
71/[Kaspi,A] (25)}) (9. Qg5 $5 Qd7 10. Nge2 Na6 11. Ng3 f4 12. Nf5 Rg8 13. Nxg7
(13. Nh6 Rh8) 13... Qxg7 14. Qxg7+ Rxg7 15. g3 Re7 $6 16. f3 $1 Nc5 17. Bc2 Bh3
18. Kf2 Kf7 19. b4 Na6 20. a3 {1-0 Zaja,I-Horvath,J/Porec 1998/EXT 99 (33)})
9... Na6 (9... Qe8 10. Nh3 Na6 11. O-O f4 12. Ng5 Nc5 13. Re1 Nxd3 14. Qxd3 Qg6
15. Qxg6 hxg6 16. f3 Rh5 17. Nge4 Nxe4 18. Nxe4 Bf5 19. Bd2 Kf7 {1/2-1/2
Hansen,C-Berg,K/Kerteminde 1991/CBM 23/[Ribli] (35)}) 10. Nge2 {[%cal Ge2g3,
Gg3f5]} Qe8 (10... c6 11. Ng3 e4 12. Be2 cxd5 13. cxd5 h5 14. Bg5 Qa5 15. Qd2
h4 16. Nf1 Nc5 17. Rc1 Bd7 18. Ne3 b5 19. Bf4 Qb6 20. b4 Na6 21. a4 {1-0
Sokolov,I-Arapovic,V/Neum 2002/(35)}) (10... Nc5 11. Bc2 $14 (11. Ng3 Nxd3+ 12.
Qxd3 Qd7 13. Bg5 $14)) 11. Ng3 Qg6 {Schwarz möchte die Bauernstruktur e5-f5
zusammenhalten.} 12. h4 $1 $14 {Weiß hat aktiveres Figurenspiel und auch wenn
Schwarz über eine scheinbar starke Bauernmasse im Zentrum verfügt, so besitzt
Weiß die Initiative; es droht jetzt 13.h5 mit großem Vorteil.} h5 (12... h6 13.
h5 Qh7 14. Be3 $14) 13. Bg5 {[%csl Gg5]} Nc5 14. Bc2 Ng4 (14... Kf7 15. Qe2 (
15. Nb5 Na6 16. Qe2 $16)) 15. Rh3 {[%cal Gh3f3,Gf3f8] Auf den ersten Blick ein
sonderbarer Zug, aber es droht 16.Nxf5 Bxf5 17.Bxf5 Qxf5 18.Rf3 mit
Damengewinn.} e4 {Mit diesem Zug öffnet Schwarz die Diagonale des g7-Läufers,
aber seine Bauern verlieren die Elastizität und das Feld f4 wird schwach.} (
15... Kg8 $5) 16. Nge2 $1 {[%csl Yf4][%cal Ge2f4][%mdl 32]} Ne5 {[%cal Ge5d3,
Gc5d3] Schwarz zielt auf das Feld d3, aber Weiß ist schneller.} 17. Nf4 Qf7 18.
Kf1 $5 {Weiß bringt seinen König in Sicherheit und opfert den c4-Bauern.} (18.
Qe2 $14) 18... Nxc4 (18... Ng6 19. Nxg6+ Qxg6 20. Rg3 $14) 19. b4 e3 (19... Na6
20. Bb3 $44 {[%cal Gb3f7,Gf4e6]}) 20. bxc5 Bxc3 21. Rc1 $44 {[%cal Gc1c4] Die
Stellung ist unklar, aber alle weißen Figuren stehen sehr aktiv; er hat
ausreichende Kompensation.} Be5 (21... dxc5 22. Qe2 b5 (22... Nd2+ 23. Kg1
exf2+ 24. Kh1 $44) 23. fxe3 $36) 22. fxe3 dxc5 23. Ne6+ Kg8 (23... Bxe6 24.
dxe6 Qxe6 25. Bxf5 Qd6 26. Qxd6+ Nxd6 27. Rxc5 $36) 24. Rf3 Nd6 (24... Nb2 25.
Qe2 Bxe6 26. dxe6 Qxe6 27. Bb3 c4 28. Rxc4 $18) 25. Nxc5 b6 26. Ne6 {[%mdl
2048] Weiß hat ausgezeichnetes Figurenspiel, sein Ne6 stört die schwarze
Koordination.} c5 (26... c6 27. Bf4 Bxf4 28. Nxf4 {[%cal Gc2b3,Gb3g8]} c5 29.
Rg3+ $40) 27. Kg1 {[%csl Ge6,Gg1,Rg8]} Bxe6 28. dxe6 Qxe6 29. Rxf5 $1 {[%csl
Gc2,Gg5,Rg8]} Rf8 (29... Nxf5 $2 30. Bb3 $18 {[%cal Rb3g8]}) 30. Rxe5 $5 {
Weiß opfert die Qualität und spielt auf direkten Angriff.} (30. Bb3 c4 31.
Rxf8+ Kxf8 32. Qf1+ Kg7 33. Bxc4 $16) 30... Qxe5 31. Qd3 Rf6 $6 (31... Nf7 $142
32. Bb3 $44 {[%cal Gb3g8]}) 32. Bxf6 Qxf6 33. Qd5+ $16 Kg7 34. Rf1 Qe7 35. Rf3
{[%csl Rg7][%cal Rf3g3,Rg3g7]} Nf7 36. Qf5 (36. Rg3+) 36... Rh6 37. Rg3+ Kf8
38. Bb3 $18 {[%csl Gb3,Gf5,Rf7,Rf8,Gg3] Es droht 39.Rf3 mit sofortigem Gewinn.}
Rf6 39. Qc8+ Qd8 (39... Nd8 40. Rg8#) 40. Rg8+ (40. Rg8+ Kxg8 41. Qxd8+ $18)
1-0

[Event "Leon"]
[Site "Leon"]
[Date "1991.??.??"]
[Round "?"]
[White "Vladimirov, Yevgeniy"]
[Black "Todorcevic, Miodrag"]
[Result "0-1"]
[WhiteElo "2580"]
[BlackElo "2435"]
[Annotator "Ribli,Z"]
[PlyCount "122"]
[EventDate "1991.06.??"]
[EventType "tourn"]
[EventRounds "9"]
[EventCountry "ESP"]
[EventCategory "10"]
[SourceTitle "CBM 025"]
[Source "ChessBase"]
[SourceDate "1991.12.01"]
[SourceVersion "1"]
[SourceVersionDate "1991.12.01"]
[SourceQuality "1"]

1. Nf3 g6 2. d4 Bg7 3. g3 d6 4. Bg2 Nd7 5. c4 e5 6. Nc3 Ne7 7. O-O O-O 8. e4
exd4 9. Nxd4 Nc6 10. Nde2 a5 (10... Nc5 11. Be3 f5 $6 (11... a5 $5 12. Rb1 {
remis Velickovic,P-Strikovic,A Kavala Balkaniad 1990 CBM/21}) 12. exf5 Bxf5 13.
Qd2 a5 14. Rad1 a4 15. Nd4 Nxd4 16. Bxd4 Bxd4 17. Qxd4 Qf6 18. Nb5 $14 {
Nikolic,Pr-Damljanovic,B Manila izt 1990 49/70 CBM/19}) 11. h3 (11. Be3 $5)
11... Nc5 12. Be3 a4 13. Nd4 Be6 14. Nd5 Re8 15. Nb5 Na6 16. Rb1 Ne5 17. b3
axb3 18. axb3 Bxd5 19. cxd5 Qe7 20. b4 h5 $1 21. Qb3 c6 22. Nd4 c5 23. bxc5
Nxc5 24. Qb5 h4 $1 25. g4 Ned7 26. Rfe1 Qd8 27. Rbc1 Ra5 28. Qb1 Ra3 29. Rcd1
Qa5 30. Qb5 Qa8 31. Qf1 Qb8 32. Nb5 Ra4 33. Bg5 Bf6 34. Bxf6 Nxf6 35. e5 Rxe5
36. Rxe5 dxe5 37. d6 Nfd7 38. Qe2 Qd8 39. Qe3 Qf6 40. Qc3 Ra2 41. Qe3 Ra4 42.
Rc1 (42. Qc3 $5 Ra2 43. Qe3 Ra4 $10) 42... b6 43. Bc6 e4 44. Bxd7 Nxd7 45. Nc3
Rc4 46. Nxe4 Rxc1+ 47. Qxc1 Qe6 48. Qc8+ Kg7 49. Qc3+ Qe5 50. Qc6 Nf8 51. Nd2
Qd4 52. Nf3 Qa1+ 53. Kg2 Ne6 54. Qe4 (54. Qxb6 Nf4+ 55. Kh2 Qf1 56. Qd4+ f6 57.
Qxf4 Qxf2+ 58. Kh1 Qf1+ 59. Kh2 Qf2+ $10) 54... Qf6 55. d7 g5 56. Kg1 Nc5 57.
Qd5 Nxd7 58. Nxg5 Ne5 59. Ne4 Qf4 60. Nd6 Nf3+ 61. Kf1 (61. Kg2 Qh2+ 62. Kf1
Qh1+ 63. Ke2 Ng1+ $19) 61... Qc1+ 0-1

[Event "Capablanca Memorial Elite 40th"]
[Site "Havana"]
[Date "2005.05.06"]
[Round "1"]
[White "Jobava, Baadur"]
[Black "Arencibia Rodriguez, Walter"]
[Result "1-0"]
[WhiteElo "2637"]
[BlackElo "2530"]
[Annotator "Ribli,Z"]
[PlyCount "69"]
[EventDate "2005.05.06"]
[EventType "tourn"]
[EventRounds "14"]
[EventCountry "CUB"]
[EventCategory "15"]
[SourceTitle "CBM 107"]
[Source "ChessBase"]
[SourceDate "2005.08.01"]
[SourceVersion "1"]
[SourceVersionDate "2005.08.01"]
[SourceQuality "1"]

1. d4 g6 2. c4 Bg7 3. e4 d6 4. Nc3 Nc6 5. Be3 (5. d5 {Ist auch eine
chancenreiche Alternative für Weiß.}) 5... e5 6. Nge2 (6. d5 Nce7 7. c5 $14 (7.
g4 f5 8. gxf5 gxf5 9. Qh5+ Ng6 10. exf5 Qh4 $132)) 6... exd4 7. Nxd4 {Mit
Zugumstellung ist die Stellung der Variante 4...e5 5.Nf3 exd4 6.Nxd4 Nc6 7.Be3
erreicht.} Nge7 8. Be2 (8. h4 $5 {Diese aggressive Fortsetzung kommt ebenfalls
in Betracht: Weiß möchte 9.h5 ziehen, und im Falle von 8...h5 wird das Feld g5
schwach.}) 8... O-O 9. O-O f5 10. Nxc6 (10. exf5 $6 Bxd4 $1 {Ein positionell
unerwartete Fortsetzung, denn Schwarz gibt seinen schwarzen Läufer grundlos ab.
Jedoch befindet sich nach dem Abtausch der weiße Läufer ebenfalls in
Bedrängnis.} 11. Bxd4 Nxf5 12. Be3 Nxe3 13. fxe3 Be6 $11) 10... bxc6 (10...
Nxc6 11. exf5 Bxf5 12. Qd2 $14 {Weiß hat Raumvorteil, und das Feld d5 ist ein
positionelles Loch in der schwarzen Stellung.}) 11. Bf3 $5 {Dieser Läuferzug
war seinerzeit von Lputian in der Turnierpraxis eingeführt worden; im
folgendem erhält der Läufer eine wichtige Rolle auf der großen Diagonale.} (11.
Bd4 Bxd4 12. Qxd4 c5 13. Qd3 Rb8 14. b3 fxe4 15. Qxe4 Bb7 16. Qe6+ Kg7 17. Bd3
Nc6 18. Rae1 Nd4 19. Qg4 Qf6 {1/2-1/2 Ehlvest,J-Kakageldyev,A/Bled 2002/ (32)})
(11. Qd2) 11... Rb8 (11... Be6 12. Re1 f4 13. Bd4 Bxd4 14. Qxd4 c5 15. Qd1 Nc6
16. e5 Nxe5 17. Bxa8 Qxa8 18. b3 f3 19. g3 Qc8 20. Re3 Bf7 21. Qf1 Qf5 22. Rae1
{1-0 Mchedlishvili Mikheil-Teplitsky Yan/Bled 2002 (61)}) (11... f4 12. Bd4
Bxd4 13. Qxd4 c5 14. Qd3 Bb7 (14... Rb8 15. b3 Bb7 16. e5 dxe5 17. Qxd8 Rfxd8
18. Bxb7 Rxb7 19. Ne4 $14) 15. e5 Bxf3 16. Qxf3 dxe5 17. Rfe1 $16) 12. Qd2 c5 {
Die strategische Hauptidee von Schwarz ist Nc6 und Nd4, aber Weiß ist
schneller.} 13. Bg5 Qd7 14. Rae1 (14. e5 $5 h6 (14... Bxe5 15. Rfe1 Re8 16.
Rad1 Bg7 17. Qe3 Kf8 18. Bh6 $1 $16) 15. e6 Qd8 16. Bxh6 Bf6 17. b3 $14 {
Lputian,S}) 14... Be5 (14... Nc6 $2 15. exf5 Rxf5 16. Bg4 $18) (14... fxe4 15.
Bxe4 Nf5 16. b3 Kh8 17. Bxf5 Qxf5 18. Nd5 Bb7 19. Re7 Bxd5 20. cxd5 (20. Qxd5
Qxd5 21. cxd5 Rf5 22. Be3 Rc8 23. Rd1 Kg8 24. g4 {1-0 Arlandi,E-Rossi,C/Bratto
1998/EXT 2000 (74)}) 20... Rf7 21. Rxf7 Qxf7 22. Re1 Re8 23. Rxe8+ Qxe8 24. Qe3
Qxe3 25. fxe3 Bc3 26. Bd8 Ba5 $14 {1/2-1/2 Lputian,S-Azmaiparashvili,Z/Yerevan
1989/CBM 14 (59)}) 15. Bxe7 {[%mdl 32] Weiß tauscht den e7 -Springer, sodass
er sich nicht gegen Nc6-Nd4 verteidigen muss.} (15. b3 $14 f4 $6 16. Ne2 Nc6
17. Nxf4 Nd4 18. Bd1 $16) 15... Qxe7 16. exf5 Qg7 $6 {Mit diesem Zug opfert
Schwarz einen Bauern, meiner Meinung nach bekommt er dafür keine ausreichende
Kompensation. Es wäre sinnvoller, den Bauern mit dem Turm zurück zu nehmen.} (
16... Bxf5 17. Bd5+ Kh8 18. f4 Bxc3 (18... Bd4+ 19. Qxd4+ cxd4 20. Rxe7 dxc3
21. bxc3 Rb2 22. Rxc7 Rxa2 23. Re1) 19. Qxc3+ Qf6 (19... Qg7 20. Qxg7+ Kxg7 21.
Re7+ Kf6 22. Rxc7 Rxb2 23. Rxa7 $16) 20. Qxf6+ Rxf6 21. b3 $16 {[%csl Gd5,Ye7]
[%cal Ge1e7,Ge7a7]}) (16... Rxf5 $5 17. Bd5+ (17. Bg4 Qh4 18. h3 Rf7 $11) 17...
Kf8 $8 (17... Kg7 $2 18. f4 $18)) 17. Bd5+ (17. fxg6) 17... Kh8 18. fxg6 $14 {
Weiß hat einen Bauern mehr und auch wenn Schwarz das Läuferpaar besitzt und
sein Be5 stark ist, so verfügt er über keine ausreichende Kompensation.} Bf4 (
18... Rxb2 19. Qxb2 Bxc3 20. Qa3 Bxe1 21. Rxe1 $16) (18... Qxg6 19. b3 $14) 19.
Qc2 hxg6 (19... Qxg6 20. Qxg6 hxg6 21. Re2 $14) 20. b3 Bd7 21. Be6 Be8 (21...
Bxe6 22. Rxe6 $16) (21... Bc6 22. Nd5 $16) 22. Nd5 $16 {[%csl Gd5,Ge6]} Bh6 23.
Re4 {[%mdl 2048]} g5 {[%cal Ge8g6,Gg6c2]} (23... c6 24. Ne3 $16) 24. Bf5 $1 {
Mit diesem schönem Zug verteidigt Weiß sich gegen 24...Bg6.} Bc6 (24... Rxf5
25. Rxe8+ Rxe8 (25... Rf8 26. Re6 $18) 26. Qxf5 $18) 25. Re6 {[%csl Ge6,Rg7,
Rh6,Rh8][%cal Re6g6,Rg6g7] Weiß hat nicht nur einen Bauern mehr, sondern
ebenso eine aktivere Figurenstellung.} Bxd5 26. Rg6 $18 (26. cxd5 $18) 26...
Bg8 (26... Qh7 27. cxd5 $18) 27. Rxg7 Bxg7 28. Qd3 {[%cal Rd3h3,Rh3h8]} Be5 29.
Qh3+ Kg7 30. Qg4 Kf6 (30... Bf6 31. Qh5 $18) 31. h4 gxh4 32. f4 Bd4+ 33. Kh2
Ke7 34. Re1+ Kd8 35. Qxh4+ (35. Qxh4+ Bf6 36. Qh6 $18) 1-0

[Event "RUS-ch U18"]
[Site "Moscow"]
[Date "1995.??.??"]
[Round "9"]
[White "Dyachkov, Sergej"]
[Black "Korotylev, Alexey"]
[Result "1-0"]
[WhiteElo "2490"]
[BlackElo "2445"]
[Annotator "Ribli,Z"]
[PlyCount "75"]
[EventDate "1995.??.??"]
[EventType "tourn"]
[EventRounds "11"]
[EventCountry "RUS"]
[EventCategory "8"]
[SourceTitle "CBM 046"]
[Source "ChessBase"]
[SourceDate "1995.06.01"]
[SourceVersion "1"]
[SourceVersionDate "1995.06.01"]
[SourceQuality "1"]

1. d4 g6 2. c4 Bg7 3. e4 d6 4. Nc3 e5 5. Nge2 Nc6 {Azmaiparashvili setzte hier
oft mit 5...ed4 6.Nd4 fort, aber in der letzten Zeit erreichte er keinen
Ausgleich.} 6. Be3 f5 (6... exd4 $5) (6... Nh6 $5) 7. exf5 gxf5 $6 {Diese
Neuerung gefaellt mir nicht.} (7... Bxf5 $5 8. d5 Nce7 9. Qd2 {9.Ng3(+/=) auch
gut genug} Nf6 10. h3 $14 {Smirnov,V-Poley,V/BLA-ch/1994/EXP42/}) 8. dxe5 dxe5
9. Qxd8+ Nxd8 10. f4 $1 {Dieser krafvolle Zug ist fuer derartige Stellungen
typisch.} e4 11. O-O-O Nf6 (11... c6 12. g4 $1 $16) 12. Nb5 Ne6 13. Ned4 $1 Kf7
{Materialverlust war nicht mehr zu vermeiden.} 14. Nxf5 a6 15. Nc3 Ng4 16. Be2
$1 Nxe3 17. Nxe3 Bxc3 18. bxc3 c6 19. Rhf1 {Weiss hat einen gesunden
Mehrbauern und der Gewinn ist nur noch eine Frage der Technik.} h5 20. Nf5 Nc5
21. Nd6+ Kf6 22. f5 $1 {Jetzt sind die schwarzen Moeglichkeiten sehr stark
begrenzt.} Rh7 23. Rd4 Ke5 24. Kd2 {Droht einfach 25.Ke3} Rd7 25. f6 $1 Rxd6
26. Rxd6 Kxd6 27. f7 Nd7 28. f8=Q+ Nxf8 29. Rxf8 {Vorlaeufig erobert Schwarz
den Bauern zurueck, aber das Endspiel ist hilflos.} b5 30. Bxh5 Bb7 31. Rxa8
Bxa8 32. Bg6 c5 33. Ke3 Ke5 34. cxb5 axb5 35. a3 $1 {Jetzt sollte der
Nachziehende die Waffen niederlegen. Der Rest der Partie bedarf keines
Kommentars.} Bc6 36. h4 Bd5 37. h5 Bc6 38. h6 {Ribli} 1-0

[Event "Krynica zt"]
[Site "Krynica"]
[Date "1998.09.03"]
[Round "2"]
[White "Ftacnik, Lubomir"]
[Black "Badea, Bela"]
[Result "1-0"]
[WhiteElo "2585"]
[BlackElo "2530"]
[Annotator "Ribli,Z"]
[PlyCount "73"]
[EventDate "1998.09.02"]
[EventType "swiss"]
[EventRounds "9"]
[EventCountry "POL"]
[SourceTitle "CBM 067"]
[Source "ChessBase"]
[SourceDate "1998.11.30"]
[SourceVersion "2"]
[SourceVersionDate "1998.11.01"]
[SourceQuality "1"]

{[%mdl 96]} 1. d4 g6 2. c4 Bg7 3. Nc3 d6 4. e4 e5 (4... Nf6 {Dieser Zug führt
zur Königsindischen Verteidigung. Ribli.}) 5. Nf3 (5. d5 f5 6. exf5 gxf5 7.
Qh5+ Kf8 8. Bd3 $5 Qf6 (8... Nf6 $6 9. Qg5 {[%csl Rf5]} Qd7 {Nach 9...e4 wäre
das Feld d4 geschwächt und Weiß könnte Nh3-f4 mit folgendem f2-f3 spielen.} 10.
Nge2 Na6 11. Ng3 f4 12. Nf5 Rg8 13. Nxg7 (13. Nh6 Rh8 14. Nf5 {Auf diese Weise
kann Weiß die Züge wiederholen.}) 13... Qxg7 14. Qxg7+ Rxg7 15. g3 Bg4 $13 (
15... Re7 16. f3 $16 {Und Schwarz hatte Probleme am Königsflügel in der Partie
Zaja,I - Horvath,Jo,Porec,1998.}))) 5... exd4 6. Nxd4 Nc6 7. Be3 {Weiß hat
Raumvorteil im Zentrum, Schwarz eine etwas passive, aber verteidigungsfähige
Stellung, die aber ohne besondere dynamische Möglichkeiten ist. Die einzige
solche Möglichkeit - ...f7-f5 - wäre riskant für die schwarze Königsstellung.}
Nge7 8. h4 h6 (8... f5 9. h5 fxe4 10. hxg6 hxg6 (10... Nxg6 11. Nxc6 bxc6 12.
Nxe4 Qe7 13. Bd3 Ne5 14. Qh5+ Qf7 15. Be2 Qxh5 16. Rxh5 Be6 17. c5 d5 18. Bh6
Bxh6 19. Rxe5 Kd7 20. Nf6+ Ke7 21. Bg4 {1/2-1/2 Kosyrev,V-Odeski,I/Moscow 1996
(36)}) 11. Rxh8+ Bxh8 12. Nxe4 Bf5 13. Nxf5 gxf5 (13... Nxf5) 14. Qh5+ Kd7 15.
O-O-O Qg8 16. Nc5+ Kc8 17. Ne6 Kd7 18. Nf4 Ne5 19. Nd5 {1-0 Gurevich,
M-Speelman,J/Antwerpen 1993 (40)}) (8... h5 9. Be2 (9. Qd2 Ne5 10. f3 N7c6 11.
Be2 Nxd4 12. Bxd4 Be6 13. Nd5 f6 14. O-O-O c6 15. Ne3 Bh6 16. b3 Qe7 17. g3 b6
18. f4 O-O-O 19. Kb2 Rhe8 20. Qc2 Nd7 21. Bf3 Kb8 22. Rhe1 {1-0 Cifuentes
Parad,R-Hartoch,R/Dutch op Dieren 1998 (36)}) 9... Ne5 10. Qd2 a6 11. Bg5 c6
12. Rd1 {[%cal Gg5d8]} f6 13. Bf4 b5 14. cxb5 axb5 15. a3 Bd7 16. Nf3 {[%csl
Rd6,Re8]} Nc8 17. Na2 $1 {[%cal Ga2b4]} Qe7 18. Nb4 Nb6 19. Nxe5 dxe5 20. Be3 {
[%csl Re8][%cal Re3b6]} c5 21. O-O $36 {Das schwarze Hauptproblem ist sein
König in der Mitte in der Partie Gurevic,M - Horvath,Jo,Haarlem,1998.}) 9. Qd2
Ne5 (9... f5 10. exf5 Nxf5 11. Nxf5 Bxf5 12. Be2 Qd7 13. O-O O-O-O 14. b4 Nxb4
15. Nb5 Nc2 16. Bf3 d5 17. Bxd5 Nxa1 (17... c6 18. Nxa7+ Kb8 19. Bf4+) 18.
Nxa7+ Kb8 19. Qb4 Qxd5 (19... c6 20. Bxc6 Qc7 21. Bf4) 20. cxd5 Nc2 21. Qa5
Nxe3 22. fxe3 Rhe8 23. Nb5 Rxd5 24. Qxc7+ Ka8 25. Qa5+ {1-0 Kasparov,
G-Speelman,J/Barcelona 1989 (25)}) 10. Be2 (10. O-O-O a6 11. Be2 Bd7 12. Kb1 h5
13. f3 $14 {Weiß verfügt über eine starke Angriffsstellung. Schwarz hat zwar
einige Gegenchancen mit ...b7-b5, aber sein König steht schlecht in der Mitte.}
) 10... Ng4 (10... a6 11. O-O-O Ng4 12. Bxg4 Bxg4 13. f3 Bd7 14. Nb3 b6 15. Bd4
Bxd4 16. Nxd4 Be6 17. Nxe6 fxe6 18. e5 {1-0 Jakobsen,O-Welin,T/Copenhagen 1981
(32)}) 11. Bxg4 Bxg4 12. f3 {Weiß hat zwar seinen weißfeldrigen Läufer
abgegeben, steht aber stark im Zentrum.} Bd7 13. Rd1 $5 $14 {[%cal Gd1d8] Weiß
rochiert (noch) nicht. Nach der Partiefortsetzung gibt immer das Motiv, mit
c4-c5 zu öffnen, denn die schwarze Dame steht nicht glücklich auf d8.} (13.
O-O-O a6 $5 {und Schwarz kommt eventuell zu ...b7-b5.}) 13... b6 (13... h5 14.
O-O (14. Kf2 $14) 14... O-O 15. Bh6 $14) (13... Nc6 14. Nd5) 14. Kf2 {
Originell gespielt! Weiß rochiert "künstlich", möchte seinen Turm noch auf h1
benutzen. Schwarz kann nicht rochieren, denn es hängt der Bauer auf h6,
während im Falle von ...h6-h5 Bg5 unangenehm wäre.} (14. O-O Nc6 15. Nd5 $14 {
[%csl Gd5]}) 14... a6 15. Nde2 Nc6 (15... f5 16. Nd4 (16. Bd4 O-O) 16... fxe4
17. Nxe4 Nf5 18. h5 $40 {[%csl Re8]}) 16. Nd5 Ne5 (16... h5 $2 $16 17. Bg5 {
[%cal Rg5d8]}) 17. b3 {Weiß hat großen Raumvorteil und es ist für Schwarz
nicht einfach, einen Plan zu entwickeln.} f5 {In schlechter Stellung versucht
Schwarz, im Trüben zu fischen.} 18. exf5 Bxf5 (18... gxf5 19. Nef4 $14 {
[%csl Re8,Gf4][%cal Gf4h5]}) 19. Nd4 (19. Ng3 $5) 19... Bd7 20. Kg1 {[%csl Gg1]
Der weiße König findet einen ruhigen Platz auf g1.} (20. h5 g5) 20... b5 (20...
c6 21. Nxb6 $1 Qxb6 22. Nf5 $18 {[%cal Rf5g7,Re3b6]} (22. Ne6)) (20... c5 21.
Ne2 $16 {[%csl Gd1,Gd2,Gd5,Rd6,Re8]}) 21. h5 g5 (21... gxh5 22. Rxh5 $40 {
[%csl Rh6]}) 22. f4 $1 {Unangenehm für Schwarz, aber natürlich öffnet Weiß die
Linien.} (22. Qa5) 22... gxf4 (22... Nf7 23. Qc2 $16 {[%csl Re8][%cal Gc2g6]})
23. Nxf4 {[%csl Ye6,Yg6]} Rg8 (23... bxc4 24. Nfe6 Bxe6 25. Nxe6 Qe7 26. Qd5
Rb8 27. bxc4 $40 {[%csl Gd5,Ge6,Re8]}) 24. Rf1 $1 Rf8 (24... Qc8 25. Nd5 $16 {
[%csl Gd5][%cal Rd2h6]}) (24... bxc4 25. bxc4 Nxc4 26. Qc2 {[%cal Rc2c4,Rc2g6]}
Nxe3 27. Qg6+ {[%csl Re8]} Ke7 28. Nd5+ Nxd5 29. Qf7#) 25. Re1 {[%cal Ge1e8]}
Rg8 {Weiß weicht der Zugwiederholung natürlich aus.} 26. Ng6 $1 {Weiß möchte
den Stolz der schwarzen Stellung, den Springer e5, abtauschen.} (26. Nfe6 Bxe6
27. Nxe6 Nf3+ $1 {[%cal Gg8g1]} 28. gxf3 Bc3+ 29. Kf2 Bxd2 30. Bxd2 Qf6 $13)
26... c5 (26... Nxg6 27. Bg5+ $16 {[%cal Rg5d8,Re1e8]} (27. hxg6)) 27. Nf3 Bc6
(27... Nxf3+ 28. gxf3 $16 {[%csl Re8][%cal Re1e8]}) 28. Nfxe5 dxe5 (28... Bxe5
29. Bxh6 $16 {[%csl Re8][%cal Ge1e8]}) 29. Bxh6 Qxd2 (29... e4 $5 30. Qxd8+ (
30. Qf4 Qd4+ 31. Kh2 Bxh6 32. Qxh6 Qd6+ $132) 30... Rxd8 31. Bxg7 Rxg7 $14) 30.
Bxd2 Kd7 (30... e4) 31. Be3 bxc4 32. bxc4 Rab8 33. Rh2 $1 $16 {[%csl Rc5,Rd7,
Gg6,Gh5] Eine nur auf den ersten Blick sonderbare Fortsetzung, denn nach 33...
Rb2 kann Weiß 34.g4 spielen und anderseits befreit sich der Turm von der
Fesselung. Schwarz kann den Bauern c5 nicht verteidigen.} Rb4 (33... Rb2 34. g4
Rxh2 35. Kxh2 $16 {[%csl Gg4,Gh5]}) 34. Rd1+ Ke8 (34... Ke6 35. Bxc5 Rxc4 36.
Rd6+ $18) (34... Kc7 35. Bxc5 Rxc4 36. Bd6+ Kb6 (36... Kc8 37. Ne7+) 37. h6 $18
{[%csl Gh6]}) 35. Bg5 $1 {[%csl Re8][%cal Rd1d8,Rh5h6] Der schwarze König ist
in großer Not.} Be4 (35... Rxc4 36. Rd8+ Kf7 37. Rxg8 Kxg8 38. Ne7+ $18 {
[%cal Re7g8,Re7c6]}) 36. Ne7 Rf8 37. Nc8 {[%cal Rc8d6,Rd6e8,Rd6e4] Und Schwarz
überschritt in sehr schwieriger Lage die Bedenkzeit.} (37. Nc8 Rb1 38. Rxb1 (
38. Nd6+ Kd7) 38... Bxb1 39. h6 Bh8 40. Be7 $16 {[%cal Re7f8,Re7c5]}) 1-0